Biggest European Cities that start with G on a Map - Statistics

General Stats
  • This quiz has been taken 964 times
  • The average score is 11 of 16
Answers on the Map
Answers color-coded by a green-red scale on the quiz's map according to % correct below.
 
Answer Stats
Population City % Correct
629,920 Glasgow
99%
470,805 Gdańsk
96%
558,930 Genoa
96%
655,078 Gothenburg
95%
203,736 Geneva
92%
291,130 Graz
84%
263,927 Ghent
83%
233,648 Granada
74%
233,218 Groningen
69%
507,795 Gomel
54%
271,717 Gijón
49%
324,602 Grozny
48%
244,969 Gdynia
47%
259,645 Gelsenkirchen
42%
357,510 Grodno
33%
249,432 Galați
30%
No matching quizzes found
Score Distribution
Percent of People with Each Score
Percentile by Number Answered
Your Score History
You have not taken this quiz